000 00715nam a2200229 a 4500
001 74357
003 BD-RjUL
005 20211209082536.0
008 180724s2015 ii ||||| |||| 000 0 eng d
020 _a9788175247772
_cTk.613.00
035 _a(BD-RjUL)74575
040 _aBD-RjUL
_beng
_cBD-RjUL
041 _aeng
082 _223
_a796.069
_bRAS 2015
100 1 _aRathod, Manik Meharban
_9221892
245 1 0 _aSports Management and Administration /
_cManik Meharban Rathod , Murlidhar Sangkar Rao Rathod
260 _aNew Delhi :
_bKhel Sahitya Kendra ,
_c2015
300 _a282 p. ;
_c22 cm.
650 _aSports administration.
_9221893
700 _aRathod, Murlidhar Sangkar Rao
_9221894
942 _2ddc
_cBK
999 _c74357
_d74357